MDQL
is popping MORE tags! Check the
thread
!
Quizzes
Events
Quiz Creation
Community
Videos
Private Events
Remove Ads
Sign In
Join for FREE
Feedback
Dark Mode
Quiz Categories
Sports
Geography
Music
Movies
Television
Just For Fun
Miscellaneous
History
Literature
Language
Science
Gaming
Entertainment
Religion
Holiday
For Kids
Quiz Lab
Recent
Popular Today
Quiz Kudos Today
Editor Picks
Curator Picks
Quizzes by...
Day
Popularity
Type
Ratings
Length
Year
Community
Subscriptions
Recent Discussions
Orange Saloon
Badges
Playlists
Quests
Create
Leaderboards
Showdown
Live 5
Trivia Bingo
Activity
Puzzle Library
Sporcle Events
Private Events
Virtual Trivia
Globe League
Become a Host
Pub Owners
SporcleCon
Opinionation
Our Games
Videos
Blog
Mobile Apps
Partnerships
Remove Ads and Go Orange
Feedback
Sports
Athletes
MLB
NBA
NHL
NFL
Soccer
Sports Teams
WWE
NCAA
Football
Premier League
Basketball
Baseball
Hockey
Golf
Tennis
Cricket
Rugby
Auto Racing
Olympics
World Cup
Sports
Athletes
MLB
NBA
NHL
NFL
Soccer
Sports Teams
WWE
NCAA
Football
Premier League
Basketball
Baseball
Hockey
Golf
Tennis
Cricket
Rugby
Auto Racing
Olympics
World Cup
Random Quiz
Search Sporcle
×
Quiz Lab
Quiz Lab
Sports
War
Type in answers that appear in a list
Type in answers that appear in a list
Classic
Best Score? Go Orange.
MLB Teams: Baseball America Top 10 Prospects Since 1990 Stats
Can you name the top 10 prospects since 1990 for every MLB team? (see note)
By
slacktivist
20m
300 Questions
266 Plays
266 Plays
266 Plays
Comments
Comments
Give Quiz Kudos
Give Quiz Kudos
-
- Ratings
hide this ad
Replay
Link that replays current quiz
Next Quiz
Link to next quiz in quiz playlist
You Got
0%
They Got
Avg Score
46%
Avg Friend Score
Upgrade to see
Score Distribution
Jump to the score distribution portion of the page
Score
0/300
Timer
20:00
0
Plays Today
Hint
Answer
% Correct
Angels
Mike Trout
95.9%
Braves
Andruw Jones
86.5%
Braves
Chipper Jones
86.5%
Dodgers
Kiki Jones
86.1%
Mariners
Álex Rodríguez
85.7%
Angels
Francisco Rodríguez
85.3%
Rangers
Iván Rodríguez
85.3%
Red Sox
Frankie Rodriguez
85.3%
Indians
Manny Ramirez
82%
Red Sox
Hanley Ramírez
82%
Pirates
Aramis Ramírez
81.6%
Cubs
Kris Bryant
81.2%
Giants
Brandon Belt
81.2%
Astros
Carlos Correa
80.8%
Cubs
Kerry Wood
79.7%
Marlins
Charles Johnson
79.7%
Angels
Brandon Wood
79.3%
Yankees
Nick Johnson
79.3%
Blue Jays
Alex Gonzalez
78.6%
Mariners
Félix Hernández
78.6%
Marlins
Liván Hernández
78.6%
Mets
José Reyes
78.2%
Nationals
Bryce Harper
78.2%
Rangers
Juan González
78.2%
Cardinals
Alex Reyes
77.8%
Giants
Buster Posey
77.1%
Angels
Tim Salmon
76.3%
Braves
Jason Heyward
75.6%
Dodgers
Corey Seager
74.4%
Giants
Matt Cain
74.4%
Cubs
Mark Prior
74.1%
Dodgers
Adrián Beltré
74.1%
Orioles
Matt Wieters
73.7%
Athletics
Brett Anderson
72.9%
Mariners
Ryan Anderson
72.9%
Athletics
Miguel Tejada
72.6%
Diamondbacks
Travis Lee
72.6%
Padres
Derrek Lee
72.6%
Yankees
Derek Jeter
72.6%
Blue Jays
Vernon Wells
72.2%
Giants
Tim Lincecum
72.2%
Indians
Carlos Santana
72.2%
White Sox
Kip Wells
71.8%
Blue Jays
Carlos Delgado
71.4%
Cubs
Addison Russell
71.4%
Nationals
Stephen Strasburg
71.4%
Astros
Roy Oswalt
71.1%
Brewers
Prince Fielder
71.1%
Diamondbacks
Chris Young
71.1%
Royals
Carlos Beltrán
71.1%
Cardinals
Dmitri Young
70.7%
Dodgers
Clayton Kershaw
70.7%
Indians
Sandy Alomar
70.7%
Rays
Delmon Young
70.7%
Marlins
Giancarlo Stanton
70.3%
Nationals
Vladimir Guerrero
70.3%
Red Sox
Nomar Garciaparra
69.9%
Twins
Joe Mauer
69.9%
Giants
Madison Bumgarner
69.5%
Pirates
Andrew McCutchen
69.5%
Giants
Jerome Williams
69.2%
Marlins
Miguel Cabrera
69.2%
Yankees
Bernie Williams
69.2%
Rays
Evan Longoria
68.8%
Blue Jays
Bo Bichette
68.4%
Diamondbacks
Justin Upton
68.4%
Indians
CC Sabathia
68.4%
Indians
Francisco Lindor
68.4%
Marlins
José Fernández
68.4%
Rays
B.J. Upton
68.4%
Brewers
Rickie Weeks
67.7%
Athletics
Eric Chávez
67.3%
Blue Jays
Vladimir Guerrero Jr.
67.3%
Royals
Alex Gordon
67.3%
Cubs
Javier Báez
66.9%
Royals
Eric Hosmer
66.9%
Brewers
Ben Sheets
66.5%
Royals
Mike Moustakas
66.5%
Phillies
J.P Crawford
66.2%
Astros
Lance Berkman
65.8%
Mariners
Taijuan Walker
65.8%
Rays
Josh Hamilton
65.8%
Red Sox
Xander Bogaerts
65.8%
Reds
Billy Hamilton
65.8%
Rockies
Todd Helton
65.8%
Brewers
Greg Vaughn
65.4%
Orioles
Manny Machado
65.4%
Twins
Todd Walker
65.4%
Red Sox
Mo Vaughn
65%
Diamondbacks
Stephen Drew
64.7%
Braves
Dansby Swanson
64.3%
Cardinals
J.D. Drew
64.3%
Reds
Jay Bruce
64.3%
Mets
Paul Wilson
63.9%
Rockies
Troy Tulowitzki
63.9%
Padres
Ben Davis
63.5%
Pirates
Pedro Álvarez
63.5%
Diamondbacks
Conor Jackson
63.2%
Dodgers
Edwin Jackson
63.2%
Phillies
Scott Rolen
63.2%
Hint
Answer
% Correct
Rays
David Price
63.2%
Tigers
Justin Verlander
63.2%
Tigers
Casey Mize
63.2%
Athletics
Mark Mulder
62.8%
Blue Jays
John Olerud
62.8%
Mets
Noah Syndergaard
62.8%
Angels
Darin Erstad
62.4%
Marlins
Josh Beckett
62.4%
Athletics
Jesus Luzardo
61.7%
Pirates
Gerrit Cole
61.7%
Angels
Howie Kendrick
60.9%
Phillies
Cole Hamels
60.9%
Blue Jays
Shawn Green
60.5%
Royals
Johnny Damon
60.5%
Twins
Justin Morneau
60.5%
Indians
Grady Sizemore
59.4%
Twins
Byron Buxton
58.6%
Cubs
Eloy Jiménez
58.3%
Royals
Zack Greinke
58.3%
Cardinals
Shelby Miller
57.1%
Rangers
Kurt Miller
56.8%
Tigers
Andrew Miller
56.8%
Nationals
Trea Turner
56.4%
Phillies
Domonic Brown
56%
Royals
Dee Brown
56%
Tigers
Jacob Turner
56%
Mets
Amed Rosario
55.3%
Yankees
Brien Taylor
54.9%
Pirates
Gregory Polanco
54.1%
White Sox
Robin Ventura
53.4%
Astros
Forrest Whitley
53%
Diamondbacks
Archie Bradley
53%
Mariners
Jesús Montero
53%
Yankees
Jesús Montero
53%
Braves
Steve Avery
52.6%
Orioles
Dylan Bundy
52.3%
Braves
Julio Teheran
51.1%
Indians
Bartolo Colon
51.1%
Phillies
Maikel Franco
51.1%
Twins
Miguel Sanó
50.8%
White Sox
Michael Kopech
50.8%
Athletics
Carlos Peña
50.4%
Braves
Ryan Klesko
50.4%
Brewers
Yovani Gallardo
50.4%
Nationals
Víctor Robles
50.4%
Rangers
Carlos Peña
50.4%
Indians
Brandon Phillips
50%
Rangers
Mark Teixeira
50%
Reds
Homer Bailey
50%
Rangers
Hank Blalock
49.2%
Red Sox
Jacoby Ellsbury
49.2%
Rangers
Jurickson Profar
48.9%
Mets
Steven Matz
48.5%
Pirates
Austin Meadows
48.5%
Red Sox
Clay Buchholz
48.5%
Cardinals
Rick Ankiel
48.1%
Rays
Wil Myers
47.4%
Rays
Matt White
47.4%
Royals
Wil Myers
47.4%
Blue Jays
Álex Ríos
47%
Astros
Brian Hunter
46.6%
Mariners
Antonio Pérez
45.9%
Phillies
Pat Burrell
45.9%
Red Sox
Yoán Moncada
45.9%
Astros
Darryl Kile
45.5%
Brewers
Tyrone Hill
45.1%
Mets
Scott Kazmir
45.1%
Brewers
Keston Hiura
44.7%
Rockies
Ian Stewart
44.7%
Rockies
Jon Gray
44.7%
Nationals
Cliff Floyd
44.4%
Dodgers
Cody Bellinger
44%
Mariners
José Cruz Jr.
44%
Phillies
Gavin Floyd
44%
Phillies
Sixto Sanchez
44%
Brewers
Alcides Escobar
43.6%
Mets
Álex Escobar
43.6%
Orioles
Ben McDonald
43.6%
Rays
Wander Franco
43.6%
Athletics
Ben Grieve
42.9%
Cubs
Juan Cruz
42.9%
Rangers
Joey Gallo
42.5%
White Sox
Eloy Jiménez
42.5%
Rays
Matt Moore
42.1%
Yankees
Phil Hughes
42.1%
Red Sox
Andrew Benintendi
41.4%
Cardinals
Óscar Taveras
41%
Athletics
Todd Van Poppel
40.6%
Twins
Francisco Liriano
39.8%
Yankees
Joba Chamberlain
39.1%
Cubs
Jorge Soler
38.7%
Dodgers
Julio Urías
38.7%
Astros
Kyle Tucker
38.3%
Diamondbacks
Trevor Bauer
38%
Indians
Trevor Bauer
38%
Yankees
Rubén Rivera
37.6%
Angels
Jo Adell
37.2%
Braves
Tommy Hanson
37.2%
Indians
Mark Lewis
36.8%
Twins
Royce Lewis
36.5%
Hint
Answer
% Correct
Dodgers
Paul Konerko
36.1%
Mets
Zack Wheeler
35.3%
Reds
Aroldis Chapman
35.3%
Pirates
Jameson Taillon
34.6%
Brewers
Orlando Arcia
34.2%
Reds
Devin Mesoraco
34.2%
Giants
Royce Clayton
33.8%
Reds
Reggie Sanders
33.8%
Angels
Jeff Mathis
32.3%
Braves
Ronald Acuña
32%
Astros
AJ Reed
31.6%
Padres
Fernando Tatís Jr.
31.6%
Pirates
Kris Benson
31.6%
Cardinals
Colby Rasmus
30.8%
Angels
Casey Kotchman
30.5%
Marlins
Pablo Ozuna
30.1%
Rays
Rocco Baldelli
30.1%
Giants
Salomón Torres
29.7%
Padres
Sean Burroughs
29.7%
Astros
Andújar Cedeño
29.3%
Cardinals
Alan Benes
29.3%
Cubs
Corey Patterson
28.9%
Diamondbacks
John Patterson
28.9%
Mets
Bill Pulsipher
28.9%
Nationals
Lucas Giolito
28.9%
Cardinals
Todd Zeile
28.6%
Marlins
Cameron Maybin
28.2%
Tigers
Cameron Maybin
28.2%
Nationals
Wil Cordero
27.4%
Rockies
Dexter Fowler
27.1%
Orioles
Brian Matusz
26.3%
Red Sox
Trot Nixon
26.3%
Diamondbacks
Brad Penny
25.9%
Mets
Lastings Milledge
25.6%
Rockies
Franklin Morales
25.2%
Dodgers
José Offerman
24.8%
Athletics
Trevor Cahill
23.7%
Dodgers
Joel Guzmán
23.7%
Royals
Ángel Berroa
23.7%
Reds
Austin Kearns
23.3%
Tigers
Jeremy Bonderman
23.3%
White Sox
Yoán Moncada
23.3%
Yankees
Gleyber Torres
22.9%
Tigers
Juan Encarnación
22.6%
Rockies
Brendan Rodgers
21.8%
Astros
Eric Anthony
20.3%
Giants
Joey Bart
20.3%
White Sox
Carlos Rodón
19.5%
White Sox
Jason Bere
19.2%
Giants
Jesse Foppert
18.8%
Tigers
Rick Porcello
18.8%
Angels
Dallas McPherson
18%
Mariners
Dustin Ackley
18%
Marlins
Jeremy Hermida
18%
Reds
Drew Henson
17.7%
Tigers
Nick Castellanos
17.7%
Yankees
Drew Henson
17.7%
Braves
Bruce Chen
16.9%
Marlins
Mark Kotsay
16.5%
Phillies
Mickey Moniak
16.5%
White Sox
James Baldwin
16.5%
Blue Jays
Travis Snider
16.2%
Orioles
Jeffrey Hammonds
16.2%
Mariners
Michael Pineda
15.4%
Nationals
Carl Pavano
15.4%
Pirates
Mitch Keller
15.4%
Rangers
Neftalí Feliz
15%
Cubs
Mike Harkey
14.7%
Padres
Josh Barfield
12.8%
Mariners
Roger Salkeld
12%
Padres
Matt Clement
11.7%
Reds
Nick Senzel
11.7%
Athletics
Steve Karsay
10.2%
Orioles
Arthur Rhodes
10.2%
Padres
Dennis Tankersley
10.2%
Cardinals
Allen Watson
9%
Reds
Robert Stephenson
9%
Twins
Alex Kirilloff
8.6%
Diamondbacks
Tyler Skaggs
8.3%
White Sox
Jon Rauch
7.9%
Twins
David McCarty
7.5%
Padres
Dustin Hermanson
7.1%
Rangers
Rubén Mateo
7.1%
Blue Jays
José Silva
6%
Royals
John Lamb
6%
Nationals
Michael Barrett
5.3%
Padres
Ray McDavid
5.3%
Rockies
Derrick Gibson
5.3%
Orioles
Armando Benítez
4.9%
Phillies
Pat Combs
4.9%
Twins
Willie Banks
4.9%
White Sox
Joe Borchard
4.9%
Rockies
Chin-Hui Tsao
4.1%
Tigers
Eric Munson
3.4%
Orioles
Adam Loewen
2.6%
Padres
Anderson Espinoza
2.6%
Orioles
Matt Riley
2.3%
Brewers
Nick Neugebauer
1.9%
Pirates
Chad Hermansen
1.5%
Rockies
Doug Million
1.5%
Quiz Playlist
Details
Report
Send in Message
Add To Playlist
Classic:
Type in answers that appear in a list
Last Updated: Oct 28, 2019
Quiz Scoreboard
CHALLENGE
Sign Up to Join the Scoreboard
Show All
Scores
Hide
Comments
May contain spoilers
Recently Published
Famous 'C' Women
by xyz_
Entertainment
6m
Holiday 10x10 Sorting Gallery
by lukepisani3
Holiday
15m
Two Season TV Shows II
by 123Four
Television
10m
More to Explore
Quiz From the Vault
Featured Blog Post
14 Easter Pick-up Lines to Find Eggs With
hide this ad
You Might Also Like...
Tags
Baseball Quiz
MLB Quiz
War Quiz
Career
franchise
highest
Leader
Player
team
Today's Top Quizzes in Sports
Browse Sports
hide this ad
Today's Top Quizzes in War
Browse War
Top Contributed Quizzes in Sports
1
Les meilleurs buteurs des matchs entre le PSG et l’OM
2
Les entraîneurs de l'OM et du PSG au 21e siècle
3
2022 World Cup Stars
4
Players with Multiple 50 Home Run Seasons
5
Les joueurs passés par le PSG et l'OM
6
FIFA Club World Cup Champions
7
Top 10 NHL Goal Scorers of All Time
8
Criteria MLB: Left Handed Sluggers
9
Les joueurs passés par le LOSC et le RC Lens
10
2023 MLB Unique Player Accomplishments
Explore More
Trending Topics
Harry Potter
NBA
Anime
Disney
Marvel
Kpop
Crossword
NFL
Puzzle
Song
Country
The Office
Pokémon
Soccer
WWE
hide this ad
More By:
slacktivist
Quiz
Plays
Rating
Category
Featured
Created
MLB Teams: Last 10 Hitters with .300 Seasons
25,604
4.78
Sports
Apr 26, 2017
MLB: 40 Wins Above Replacement for One Team
12,386
4.81
Sports
Apr 7, 2014
MLB Leaders: Top 10 HR Hitters, Last 30 Seasons
7,156
4.91
Sports
Aug 6, 2015
MLB Leaders: Top 300 Players in Career Home Runs
6,798
4.88
Sports
Feb 6, 2019
MLB: 2010s All-Decade Teams by Career WAR
5,496
4.93
Sports
Mar 25, 2017
Go to Creator's Profile
Score Distribution
Quiz Creator Spotlight
slacktivist
Follow
Send a Message
Quizzes Created
-
Created Quiz Play Count
-
More By This Creator
Popular Quizzes Today
1
Find the US States - No Outlines Minefield
2
Colored Red Africa Blitz
3
Find the 'City' Movie
4
The Countries of the World
5
Find the US States
6
5x2 Blitz: Bands
7
Find the Countries of Europe - No Outlines Minefield
8
US States
More Sports Quizzes
Every QB Drafted in 2000–2010
Published
Trending Quizzes
Colored Red Europe Blitz I
Colored Red Europe Blitz II
Colored Red Africa Blitz II
Colored Red Africa Blitz III
Colored Red Europe Blitz III
Recently Updated
Odd Team Out - Big 4 Players
pecheneg
Quick Pick: 20 Twenties
pecheneg
March Madness Men's Triple Doubles
pecheneg
How Do You Spell That?
pecheneg
Godzilla Movies
pecheneg
Grab Bag: 4-10 Letters
pecheneg
2024 March Madness Bracket
pecheneg
Famous TV Couples
Peacemaker
Champions League XIs: Real Madrid
pecheneg
Largest US Cities 1790-2010
pecheneg
Trending Topics
Crossword
Disney
Marvel
NBA
Kpop
Anime
Harry Potter
Country
WWE
Soccer
Pokémon
Puzzle
Song
NFL
The Office
Your Account Isn't Verified!
In order to create a playlist on Sporcle, you need to verify the email address you used during registration. Go to your
Sporcle Settings
to finish the process.
Report this User
Report this user for behavior that violates our
Community Guidelines
.
Details:
Send Report
Go to the Sporcle.com Mobile Site →
Comments